[Event "Portugal Open 2020"]
[Site "Lisbon"]
[Date "2020.01.29"]
[Round "6.12"]
[White "Campora, Daniel H."]
[Black "Risting, Eivind Olav"]
[Result "1-0"]
[WhiteElo "2420"]
[BlackElo "2306"]
[Annotator "ChessBase"]
[PlyCount "115"]
[EventDate "2020.01.25"]
[EventType "swiss"]
[EventCountry "POR"]
[SourceTitle "playchess.com"]
[Source "ChessBase"]
[SourceQuality "1"]
[TimeControl "5400+30"]

1. e4 c5 {[%emt 0:00:00]} 2. Nf3 {[%emt 0:00:00]} Nc6 {[%emt 0:00:00]} 3. Bb5 {[%emt 0:00:00]} e6 {[%emt 0:00:05]} 4. Bxc6 {[%emt 0:00:04]} bxc6 {[%emt 0:00:18]} 5. O-O {[%emt 0:00:15]} Ne7 {[%emt 0:00:31]} 6. c3 {[%emt 0:00:40]} Ng6 {[%emt 0:07:53]} 7. d4 {[%emt 0:00:10]} cxd4 {[%emt 0:13:50]} 8. cxd4 {[%emt 0:00:06]} d6 {[%emt 0:01:15]} 9. Qc2 {[%emt 0:00:32]} Bb7 {[%emt 0:01:41]} 10. Bg5 {[%emt 0:01:06]} f6 {[%emt 0:02:07]} 11. Be3 {[%emt 0:00:36]} Be7 {[%emt 0:00:33]} 12. Nc3 {[%emt 0:08:26]} O-O {[%emt 0:00:53]} 13. Rfe1 {[%emt 0:02:07]} Qd7 {[%emt 0:08:06]} 14. Rad1 {[%emt 0:00:57]} Rac8 {[%emt 0:05:46]} 15. Qa4 {[%emt 0:03:25]} f5 {[%emt 0:13:28]} 16. e5 {[%emt 0:03:36]} d5 {[%emt 0:02:01]} 17. Bg5 {[%emt 0:03:16]} Bxg5 {[%emt 0:06:09]} 18. Nxg5 {[%emt 0:00:06]} Qe7 {[%emt 0:01:56]} 19. Nf3 {[%emt 0:00:18]} c5 {[%emt 0:02:44]} 20. Qxa7 {[%emt 0:01:52]} c4 {[%emt 0:01:28]} 21. Qa4 {[%emt 0:06:16]} Bc6 {[%emt 0:00:48]} 22. Qc2 {[%emt 0:00:18]} Nf4 {[%emt 0:00:54]} 23. Rf1 {[%emt 0:01:43]} g5 {[%emt 0:05:32]} 24. Qd2 {[%emt 0:06:27]} Be8 {[%emt 0:00:55]} 25. Ne1 {[%emt 0:00:41]} Ng6 {[%emt 0:01:10]} 26. f3 {[%emt 0:03:46]} f4 {[%emt 0:00:49]} 27. g3 {[%emt 0:02:13]} h5 {[%emt 0:01:26]} 28. Ng2 {[%emt 0:01:19]} Rf7 {[%emt 0:05:46]} 29. Rf2 {[%emt 0:00:54]} Qf8 {[%emt 0:01:49]} 30. gxf4 {[%emt 0:04:37]} gxf4 {[%emt 0:00:35]} 31. Kh1 {[%emt 0:00:16]} Kh8 {[%emt 0:01:07]} 32. Rg1 {[%emt 0:00:24]} Rb8 {[%emt 0:03:04]} 33. Qc1 {[%emt 0:02:47]} Rfb7 {[%emt 0:00:52]} 34. Rd2 {[%emt 0:00:42]} Qe7 {[%emt 0:02:13]} 35. Ne2 {[%emt 0:03:41]} Qf8 {[%emt 0:00:42]} 36. Rc2 {[%emt 0:00:57]} Rf7 {[%emt 0:00:13]} 37. Qe1 {[%emt 0:03:28]} Qe7 {[%emt 0:00:43]} 38. Nc3 {[%emt 0:01:06]} Rf5 {[%emt 0:00:36]} 39. Rd2 {[%emt 0:00:54]} Qd8 {[%emt 0:00:29]} 40. Ne2 {[%emt 0:03:29]} Qe7 {[%emt 0:00:33]} 41. Qf2 {[%emt 0:00:23]} Rb7 {[%emt 0:00:44]} 42. Qe1 {[%emt 0:01:12]} Rb8 {[%emt 0:00:17]} 43. Nc3 {[%emt 0:00:24]} Qd8 {[%emt 0:00:29]} 44. Nd1 {[%emt 0:00:50]} Rb7 {[%emt 0:00:52]} 45. Nf2 {[%emt 0:00:46]} Qa5 {[%emt 0:00:38]} 46. Nh3 {[%emt 0:01:09]} Qd8 {[%emt 0:01:16]} 47. Re2 {[%emt 0:01:13]} Qe7 {[%emt 0:00:46]} 48. Qc1 {[%emt 0:00:54]} Qf8 {[%emt 0:00:37]} 49. Rc2 {[%emt 0:00:34]} Rb8 {[%emt 0:00:41]} 50. Qd2 {[%emt 0:04:49]} Ba4 {[%emt 0:00:59]} 51. Rc3 {[%emt 0:01:17]} Qb4 {[%emt 0:01:40]} 52. b3 {[%emt 0:03:20]} cxb3 {[%emt 0:00:44]} 53. axb3 {[%emt 0:00:06]} Bd7 {[%emt 0:00:30]} 54. Ngxf4 {[%emt 0:00:30]} Nxf4 {[%emt 0:00:35]} 55. Nxf4 {[%emt 0:00:05]} Kh7 {[%emt 0:00:50]} 56. Qg2 {[%emt 0:01:32]} Qe7 {[%emt 0:00:39]} 57. Qg6+ {[%emt 0:00:13]} Kh8 {[%emt 0:00:06]} 58. Qxf5 {[%emt 0:00:07]} 1-0

[Event "Portugal Open 2020"]
[Site "Lisbon"]
[Date "2020.01.29"]
[Round "6.13"]
[White "Goluch, Piotr"]
[Black "Fidalgo, Andre Neves"]
[Result "1-0"]
[WhiteElo "2413"]
[BlackElo "2282"]
[Annotator "TA"]
[PlyCount "93"]
[EventDate "2020.01.25"]
[EventType "swiss"]
[EventCountry "POR"]
[SourceTitle "playchess.com"]
[Source "ChessBase"]
[SourceQuality "1"]

{[%evp 21,93,0,0,0,0,0,0,-7,64,8,5,0,0,0,5,0,1,5,2,11,18,-1,0,0,0,-25,6,6,6,6,10,2,75,73,77,0,124,112,168,168,161,130,160,160,146,118,127,126,305,303,341,316,317,317,1071,910,1025,1187,1261,1188,1266,1225,1200,1093,29973,29974,29973,29974,29975,29976,29975,29976,29969,4727]} 1. e4 c5 2. Nf3 Nc6 3. Bb5 g6 4. O-O Bg7 5. c3 Nf6 6. Re1 O-O 7. d4 cxd4 8. cxd4 d5 9. e5 Ne8 10. Nc3 Bg4 11. Bxc6 bxc6 12. h3 {B31: Sicilian: 2...Nc6 3 Bb5 g6} Bxf3 $1 13. Qxf3 f6 $146 {And now ...fxe5 would win.} ({Predecessor:} 13... Nc7 14. Qd3 Ne6 15. Be3 f6 16. exf6 Rxf6 17. Na4 Qd6 18. Nc5 Raf8 19. Rac1 Nd8 {0-1 (48) Caputcuoglu,Z (2156)-Baenziger,F (2355) Konya 2018}) 14. Qg4 {The position is equal.} Qc8 ({Black should play} 14... fxe5 $11 15. dxe5 Rf5) 15. Qxc8 (15. Bf4 $14) 15... Rxc8 $11 16. exf6 Bxf6 17. Be3 Nd6 18. Rad1 Rb8 19. b3 Nf5 20. Na4 Nxe3 21. fxe3 e5 22. Nc5 {Threatens to win with Nd7.} Rf7 23. e4 Bh4 24. Re2 exd4 25. exd5 cxd5 26. Rxd4 {[%mdl 64] Double Attack} Be7 (26... Re7 $11 27. Rxe7 Bxe7) 27. Rxd5 $16 Rb5 {[#]} 28. Ree5 (28. Rc2 $1 $16) 28... Bxc5+ (28... Rf5 $1 $11 {remains equal.} 29. Rxf5 gxf5) 29. Rxc5 Rxc5 (29... Rb6 $16 30. Rc2 Rd6) 30. Rxc5 $11 {[%mdl 4096] Endgame KR-KR} Rd7 31. Rc2 Rf7 32. Rf2 Rc7 33. Kf1 Kg7 34. Ke2 g5 $2 (34... Rc3 $16 35. Kd1 Rg3) 35. Kd3 $18 Kg6 36. b4 {[%cal Bb3b4,Bb4b5,Bb5b6][%mdl 32]} h5 37. a4 {[%cal Ba2a4,Ba4a5,Ba5a6][%mdl 32]} h4 $2 (37... Rc1 38. a5 h4) 38. b5 Rc1 39. a5 Ra1 40. a6 Ra4 41. Kc3 g4 42. hxg4 Rxg4 {[#]} 43. b6 $1 {[%mdl 512] White mates.} Rg3+ (43... axb6 44. Ra2) 44. Kb4 Rg4+ 45. Kb5 Rg5+ 46. Kc6 axb6 47. Ra2 {Accuracy: White = 75%, Black = 34%.} 1-0

[Event "Portugal Open 2020"]
[Site "Lisbon"]
[Date "2020.01.29"]
[Round "6.14"]
[White "Baba, Masahiro"]
[Black "Sousa, Andre Ventura"]
[Result "1-0"]
[WhiteElo "2274"]
[BlackElo "2391"]
[Annotator "TA"]
[PlyCount "98"]
[EventDate "2020.01.25"]
[EventType "swiss"]
[EventCountry "POR"]
[SourceTitle "playchess.com"]
[Source "ChessBase"]
[SourceQuality "1"]

{[%evp 30,98,27,23,24,39,29,0,0,0,0,0,33,-10,-3,-16,-7,0,0,-6,-3,-40,-21,-86,-100,-94,-50,-46,-32,-70,-8,0,0,0,4,0,12,6,29,18,81,66,79,89,112,95,132,138,134,115,169,156,200,192,179,122,698,368,393,425,350,405,474,557,1004,941,752,819,812,799,751]} 1. e4 e5 2. Nf3 Nc6 3. Bb5 a6 4. Ba4 Nf6 5. O-O Be7 6. Re1 b5 7. Bb3 d6 8. c3 O-O 9. h3 Nb8 {[%cal Bc6b8,Bb8d7,Bd7b6][%mdl 32]} 10. d4 Nbd7 11. Nbd2 Bb7 12. Bc2 Re8 13. Nf1 Bf8 14. Ng3 g6 15. a4 Nb6 16. b3 bxa4 {C95: Closed Ruy Lopez: Breyer Variation with 10 d4} 17. bxa4 a5 18. Bd3 Qc8 {The position is equal.} 19. Bg5 Bg7 {[#]} 20. Rb1 $146 ({Predecessor:} 20. Qc1 Bc6 21. Bc2 Nfd7 22. Bb3 d5 23. Nxe5 Nxe5 24. dxe5 Bxe5 {1-0 (35) Adams,M (2727)-Tan,J (2438) Bournemouth 2016}) 20... h6 21. Bd2 Ba6 $36 {[%mdl 2048] Black has the initiative.} 22. Bb5 c6 23. Bxa6 Qxa6 24. Nh4 Nc4 25. Bc1 d5 26. Qf3 (26. Nf3 $11 {keeps the balance.}) 26... exd4 $17 27. cxd4 dxe4 28. Nxe4 Nxe4 29. Rxe4 Rxe4 (29... Nd6 $1 $15 30. Rxe8+ Rxe8) 30. Qxe4 $11 {Strongly threatening Nxg6!} Nd6 31. Qc2 $1 Re8 {Hoping for ...Re1+.} 32. Be3 Qc4 33. Rc1 Qxc2 34. Rxc2 Rc8 (34... Re4 $11 {remains equal.} 35. Nf3 Nf5) 35. Nf3 g5 36. g4 f5 37. gxf5 Kf7 38. Rc5 Nb7 39. Ne5+ Bxe5 (39... Kf6 $16 {was called for.} 40. Ng4+ (40. Rxc6+ Rxc6 41. Nxc6 Kxf5 $16) 40... Kf7) 40. Rxe5 $16 {[%mdl 4096] Endgame KRB-KRN} Rd8 41. Kg2 Rd5 42. f4 ({White should try} 42. Kf3 $18) 42... Kf6 $2 {[%mdl 8192]} (42... gxf4 $16 43. Rxd5 (43. Bxf4 Rxd4 {[%mdl 64] Double Attack} 44. Be3 Rxa4 $11) 43... cxd5 44. Bxf4 Kf6 45. Bxh6 Nd6) 43. fxg5+ hxg5 {[#]} 44. Rxd5 $1 cxd5 $18 {[#] KB-KN} 45. Bd2 $1 Kxf5 46. Kf3 {White is clearly winning.} Kf6 47. Kg4 Kg6 48. Bxg5 Nd6 49. Bd8 Nc4 {Accuracy: White = 63%, Black = 43%.} 1-0

[Event "Portugal Open 2020"]
[Site "Lisbon"]
[Date "2020.01.29"]
[Round "6.15"]
[White "Martin Duque, Jesus"]
[Black "Veiga, Jose Francisco R P N"]
[Result "*"]
[WhiteElo "2447"]
[BlackElo "2312"]
[Annotator "TA"]
[PlyCount "82"]
[EventDate "2020.01.25"]
[EventType "swiss"]
[EventCountry "POR"]
[SourceTitle "playchess.com"]
[Source "ChessBase"]
[SourceQuality "1"]

{[%evp 18,82,22,27,39,16,110,95,109,101,99,110,125,83,72,64,110,51,163,114,120,121,120,115,141,85,209,24,21,0,0,-52,105,62,62,58,278,263,223,130,137,137,180,143,143,137,138,134,137,128,135,104,147,108,1352,1145,1067,220,214,100,191,129,133,0,0,0,0]} 1. d4 Nf6 2. c4 c5 3. d5 e6 4. Nc3 exd5 5. cxd5 d6 6. e4 g6 7. f4 Bg7 8. Bb5+ Nfd7 9. Be2 O-O 10. Nf3 Re8 {A67: Modern Benoni: Taimanov Variation} (10... Na6 11. O-O Nc7 12. a4 a6 13. Kh1 Rb8 14. f5 b5 15. Bg5 Qe8 16. e5 Nxe5 17. f6 Bh8 18. Qd2 Ng4 19. axb5 axb5 20. Bd3 Nxf6 {0-1 (44) Ivanisevic,I (2662)-Donchenko,A (2567) Biel 2015}) 11. O-O Nb6 $146 (11... Na6 $11) ({Predecessor:} 11... b6 12. f5 Nf6 13. fxg6 hxg6 14. Bg5 Nbd7 15. Qe1 Nf8 16. e5 dxe5 17. Bb5 Bd7 18. Bxd7 N8xd7 {1-0 (32) Galperin,P (2462)-Yeoh,L (2530) Zadar 2019}) 12. f5 $16 N8d7 {White is better.} 13. fxg6 fxg6 14. Bg5 Bf6 15. Qc1 Bxg5 16. Nxg5 Ne5 17. a4 (17. Qf4 $16) 17... h6 (17... Rf8 $1 $14) 18. Ne6 Bxe6 19. dxe6 {Black must now prevent a5.} Kg7 20. a5 Nc8 21. Nd5 (21. Bc4 $142) 21... Rxe6 {[#]} (21... Ne7 $16 {was necessary.}) 22. Ra3 $2 ({White has to play} 22. Bc4 $1 $18) 22... Ne7 $1 $11 {[%cal Re7d5] ...Nxd5 is the strong threat.} 23. Rh3 g5 24. Ne3 ({Better is} 24. a6 $11) 24... Qh8 $2 (24... Qxa5 $15 {keeps the upper hand.} 25. Bg4 Rg6) 25. Bc4 $36 {[%mdl 2048] White has the initiative.} Rg6 $1 26. Ng4 {Threatens to win with Nxe5.} Rf8 $2 ({Black should play} 26... Kh7 $14 27. Nxe5 Qxe5) 27. Nxe5 $18 dxe5 {[#]} 28. Rhf3 (28. Rd1 $1 $18) 28... Rxf3 $16 29. Rxf3 {Rf7+ would kill now.} Kh7 30. Qf1 Qd8 31. Rf7+ Rg7 32. Rxg7+ Kxg7 33. Qf7+ Kh8 34. Qf6+ {[%mdl 1024] White has strong compensation.} Kh7 35. Bd5 Qc7 $2 {[%mdl 8192]} (35... Qe8 $16) 36. Qf7+ $18 Kh8 37. Be6 $2 (37. Qf8+ Kh7 38. Be6) 37... Qd8 38. Qf6+ {[%mdl 64] Double Attack} Kh7 39. h3 (39. Bf5+ $1 $18 Kg8 40. Bg4 (40. Qe6+ Kg7 $11)) 39... Qe8 $16 40. Qxe5 (40. Bg4 $16) 40... Ng6 $11 41. Qd5 Qe7 $1 {Accuracy: White = 56%, Black = 41%.} *

[Event "Portugal Open 2020"]
[Site "Lisbon"]
[Date "2020.01.29"]
[Round "6.16"]
[White "Krzywda, Andrzej"]
[Black "Damaso, Rui"]
[Result "0-1"]
[WhiteElo "2178"]
[BlackElo "2420"]
[Annotator "TA"]
[PlyCount "40"]
[EventDate "2020.01.25"]
[EventType "swiss"]
[EventCountry "POR"]
[SourceTitle "playchess.com"]
[Source "ChessBase"]
[SourceQuality "1"]

{[%evp 15,62,0,50,51,64,53,171,164,312,113,110,135,154,110,97,95,93,-7,0,0,93,-162,-160,-222,-181,-281,-279,-292,-274,-241,-226,-700,-679,-684,-677,-741,-754,-883,-880,-871,-845,-863,-853,-1258,-1220,-2064,-1995,-29995,-29996]} 1. d4 Nf6 2. c4 e6 3. Nf3 b6 4. Bf4 Bb7 5. e3 Bb4+ 6. Nfd2 O-O 7. a3 Be7 8. Nc3 c5 9. d5 $1 {[%cal Rd5d6] E12: Queen's Indian: Unusual White 4th moves, 4 a3, 4 Nc3 Bb7 5 a3 and 4 Nc3 Bb7} exd5 (9... d6 10. e4 Nbd7 11. Be2 Ne8 12. O-O Bf6 13. Bg3 Bxc3 14. bxc3 e5 15. a4 a5 16. Nb1 Bc8 {0-1 (57) Grachev,B (2626)-Duda,J (2738) St Petersburg 2018}) 10. cxd5 Nxd5 (10... Bxd5 $14 11. Nxd5 Nxd5) 11. Qf3 $1 $18 {White is clearly better.} Bg5 $146 (11... Nxf4 {keeps fighting.} 12. Qxb7 Nc6) ({Predecessor:} 11... Nxf4 12. Qxb7 Nc6 13. exf4 Bf6 14. Be2 Re8 15. Qa6 Bxc3 16. bxc3 Qf6 {1-0 (33) Handke,F (2531)-Nikolic,P (2603) Berlin 2015}) 12. Nxd5 $2 (12. Bd6 $18 {has better winning chances.}) 12... Bxf4 $16 13. exf4 {Threatens to win with Bc4.} Re8+ 14. Kd1 Nc6 {[%cal Bb8c6,Bc6d4,Bd4c2][%mdl 32] And now ...Nd4 would win.} 15. Bc4 Nd4 {[#]} 16. Qd3 (16. Qg4 $1 $16) 16... Qh4 {aiming for ...b5.} 17. f3 $1 Re2 {[#]} (17... b5 $11 18. Ba2 Re2) 18. Ne4 $2 {[%mdl 8192]} (18. Nb3 $1 $16 {[%cal Rb3d4] is forced if you want to stay better.} Nxb3 19. Kxe2 Nxa1 20. Rxa1) 18... Rxg2 $19 19. Re1 (19. Nd6 $17 {might work better.} Bxd5 20. Bxd5) 19... b5 $40 {[%mdl 128] Black attacks with force.} ({Less strong is} 19... Rxb2 20. Ng5 $11) 20. Ba2 {[#]} (20. Bb3 {is a better defense.}) 20... Re8 {Played: Nd4-c2} 0-1

[Event "Portugal Open 2020"]
[Site "Lisbon"]
[Date "2020.01.29"]
[Round "6.17"]
[White "Butkiewicz, Lukasz"]
[Black "Chkhaidze, Nikoloz"]
[Result "*"]
[WhiteElo "2416"]
[BlackElo "2288"]
[Annotator "TA"]
[PlyCount "77"]
[EventDate "2020.01.25"]
[EventType "swiss"]
[EventCountry "POR"]
[SourceTitle "playchess.com"]
[Source "ChessBase"]
[SourceQuality "1"]

{[%evp 14,77,18,13,21,0,19,-7,-6,-4,0,-17,10,0,0,12,25,0,0,-3,30,32,47,29,32,0,4,0,41,56,45,-25,29,6,7,1,21,8,7,0,0,0,0,0,8,0,20,14,51,10,9,0,3,0,7,3,18,-8,-22,-64,-64,-64,-64,-64,-64,-52]} 1. d4 Nf6 2. Bg5 e6 3. e4 h6 4. Bxf6 Qxf6 5. c3 c5 6. Nf3 cxd4 7. cxd4 Bb4+ 8. Nc3 O-O {A46: 1 d4 Nf6 2 Nf3 e6: Torre, London and Colle Systems} 9. Bd3 d6 10. e5 (10. O-O Nc6 11. Bb5 Bxc3 12. bxc3 Bd7 13. Re1 Rac8 14. e5 dxe5 15. Nxe5 Rfd8 16. Bxc6 Bxc6 {½-½ (38) Duda,J (2730)-Giri,A (2780) chess.com INT 2019}) 10... dxe5 {The position is equal.} 11. dxe5 Qe7 12. Qe2 Nd7 13. Qe4 {[%csl Gd3][%cal Re4h7] [#]} f5 14. exf6 $146 ({Predecessor:} 14. Qf4 g5 15. Qe3 Qc5 16. Qxc5 Nxc5 {0-1 (56) Infante,M-Jones,W USA 1998}) 14... Nxf6 15. Qh4 e5 16. O-O Bg4 (16... Bxc3 $5 17. bxc3 Bg4 $11) 17. Nd5 Nxd5 18. Qxg4 {[#] aiming for Bc4.} Rf4 19. Qg6 {Black must now prevent a3.} Nf6 $1 20. a3 Rg4 21. Qf5 Bd6 {Hoping for ...g6.} 22. Nd2 (22. Rac1 $14) 22... g6 (22... e4 $142 23. Nxe4 Rxe4 24. Bxe4 Qxe4 25. Qxe4 Nxe4) 23. Bc4+ Kg7 $132 {[%mdl 2048] Black is not holding back} 24. Qe6 Qc7 {And now ...Re8 would win.} 25. Be2 Re8 26. Qb3 Rd4 27. Rac1 Qe7 28. Nc4 Bb8 29. Rc2 Nd5 30. g3 h5 31. Ne3 Nf6 32. Bf3 e4 33. Bg2 h4 34. Rfc1 Red8 35. Rc8 Rd3 36. Qb5 hxg3 {Black is slightly better.} 37. hxg3 Rxc8 $1 38. Rxc8 Bxg3 $1 39. Qg5 {Accuracy: White = 27%, Black = 46%.} *

[Event "Portugal Open 2020"]
[Site "Lisbon"]
[Date "2020.01.29"]
[Round "6.18"]
[White "Savanovic, Aleksandar"]
[Black "Grabuzova, Tatiana"]
[Result "*"]
[WhiteElo "2414"]
[BlackElo "2284"]
[Annotator "TA"]
[PlyCount "87"]
[EventDate "2020.01.25"]
[EventType "swiss"]
[EventCountry "POR"]
[SourceTitle "playchess.com"]
[Source "ChessBase"]
[SourceQuality "1"]

{[%evp 30,87,37,37,30,50,38,45,37,32,39,40,45,20,45,23,21,21,63,40,61,31,37,27,57,29,29,31,37,32,52,42,79,82,81,82,83,83,85,87,89,10,8,0,50,0,0,0,0,0,7,7,44,0,32,13,170,154,158,157]} 1. e4 c6 2. d4 d5 3. Nc3 dxe4 4. Nxe4 Bf5 5. Ng3 Bg6 6. h4 h6 7. Nf3 Nd7 8. h5 Bh7 9. Bd3 Bxd3 10. Qxd3 Ngf6 11. Bf4 Qa5+ 12. Bd2 Qc7 13. O-O-O e6 14. Ne4 Nxe4 15. Qxe4 Nf6 16. Qe2 O-O-O {B19: Classical Caro-Kann: 4...Bf5 main line} 17. Kb1 c5 18. dxc5 Bxc5 {White is slightly better.} 19. Rh4 Qe7 20. Rc4 {Black must now prevent b4.} Kb8 $1 21. Ne5 Rd5 22. Nd3 {[#]} Bb6 $146 ({Predecessor:} 22... Bd6 23. g4 e5 24. f3 {0-1 (40) Rogic,D (2445)-Zelcic,R (2540) Dresden 1998}) 23. g4 Ne8 24. Nb4 Rd7 $1 25. Bf4+ Nc7 26. Nd3 f6 27. Bxc7+ Bxc7 28. Re4 e5 29. f4 Rhd8 30. Re1 {[%cal Rf4e5]} Qf7 31. fxe5 Bxe5 32. Nxe5 fxe5 33. b3 ({Don't play} 33. Rxe5 $6 Rd2 $11) 33... Rd2 {[#]} 34. Qe3 $1 Qf6 35. Qc3 (35. a4 $16) 35... Rd1+ $11 36. Rxd1 Rxd1+ {[%mdl 4096] Endgame KQR-KQR} 37. Kb2 Rd4 38. Rxd4 exd4 {KQ-KQ} 39. Qg3+ Kc8 40. Kc1 Kd7 41. Kd2 (41. Qb8 $5 {[%cal Rb8b7]}) 41... Ke6 42. Kd3 Kd5 $2 (42... Kd7 $11 {and Black is okay.}) 43. Qg2+ $18 Kc5 {[#]} 44. b4+ $1 {[%mdl 512] Accuracy: White = 68%, Black = 45%.} *

[Event "Portugal Open 2020"]
[Site "Lisbon"]
[Date "2020.01.29"]
[Round "6.19"]
[White "Hill, Alistair"]
[Black "Alshameary Puente, Ismael"]
[Result "*"]
[WhiteElo "2217"]
[BlackElo "2385"]
[Annotator "TA"]
[PlyCount "71"]
[EventDate "2020.01.25"]
[EventType "swiss"]
[EventCountry "POR"]
[SourceTitle "playchess.com"]
[Source "ChessBase"]
[SourceQuality "1"]

{[%evp 9,71,29,29,29,34,0,57,5,11,20,47,13,18,21,31,0,32,0,12,-4,83,73,96,81,72,73,72,10,17,11,0,0,0,0,0,0,23,21,15,-6,19,-7,0,0,0,0,16,7,9,-57,-62,-281,-277,-276,-276,-266,-118,-105,-108,-98,-75,-334,-213,-217]} 1. d4 Nf6 2. c4 e6 3. Nf3 d5 4. Nc3 a6 5. cxd5 exd5 6. Bg5 {D37: Queen's Gambit Declined: 5 Bf4} Be6 7. Qb3 (7. e3 Nbd7 8. Bd3 h6 9. Bf4 g5 10. Bg3 Nh5 11. Be5 Nhf6 12. Bg3 Nh5 13. Ne2 Nxg3 14. Nxg3 {1-0 (61) Leko,P (2679)-Caruana,F (2832) Germany 2019}) 7... Ra7 (7... Nbd7 $11) 8. Rc1 $146 (8. e4 $14) ({Predecessor:} 8. e3 Nbd7 9. Bd3 Be7 10. Qc2 O-O 11. h3 c5 12. dxc5 Nxc5 13. O-O h6 {1-0 (56) Melkumyan,H (2668)-Miroshnichenko,E (2606) Saint Louis 2018}) 8... Bd6 $11 9. e3 Nbd7 10. Be2 O-O 11. O-O Re8 12. Rfd1 Nf8 13. Qa4 Ra8 14. Ne5 c5 (14... Ng6 $11) 15. Ng4 $16 {Bxf6 is the strong threat.} b5 16. Qc2 {Black must now prevent Bxf6.} c4 17. Bxf6 $1 gxf6 18. e4 ({White should try} 18. Nh6+ $16 Kg7 19. Nf5+ Kh8 20. Bf3 (20. Nxd6 Qxd6 21. e4 dxe4 $14)) 18... Bf4 $11 19. Ne3 dxe4 20. Qxe4 Ng6 21. Qf3 f5 22. g3 Bxe3 23. fxe3 Qg5 24. a3 Rab8 25. Bf1 Bc8 26. Re1 $1 Bb7 $36 {[%mdl 2048] Black is more active.} 27. Qf2 Nh4 28. d5 Ng6 29. e4 (29. Rcd1 $11) 29... fxe4 $15 30. Nxe4 $2 {[#]} ({White should play} 30. h4 $15 Qh6 31. Rcd1) 30... Rxe4 $1 $19 {[%mdl 512]} 31. Rxe4 {Threatens to win with Rd1.} Qxc1 32. Qa7 {[#]} Rd8 ({Weaker is} 32... Bxd5 33. Qxb8+ Kg7 34. Re2 $11) (32... Rf8 $1 $19 {has better winning chances.} 33. Qxb7 f5) 33. Qxb7 $17 Qxb2 {aiming for ...Ne5.} 34. Qxa6 Kg7 35. d6 $2 {[%mdl 8192]} (35. Qb6 $17 Rxd5 {[#]} 36. Rxc4 $1 {[%mdl 512]}) 35... Ne5 {( -> ...Nf3+)} 36. Rf4 {Accuracy: White = 31%, Black = 51%.} *

[Event "Portugal Open 2020"]
[Site "Lisbon"]
[Date "2020.01.29"]
[Round "6.20"]
[White "Palozza, Christian"]
[Black "Bashirli, Nail"]
[Result "0-1"]
[WhiteElo "2198"]
[BlackElo "2379"]
[Annotator "TA"]
[PlyCount "54"]
[EventDate "2020.01.25"]
[EventType "swiss"]
[EventCountry "POR"]
[SourceTitle "playchess.com"]
[Source "ChessBase"]
[SourceQuality "1"]

{[%evp 24,54,31,0,0,-13,0,-12,-10,-38,-20,-34,-3,-13,0,-4,0,0,0,0,0,-273,-220,-220,-213,-200,-199,-190,-159,-202,-174,-29998,-29999]} 1. d4 Nf6 2. c4 e6 3. Nf3 b6 4. g3 Ba6 5. b3 Bb4+ 6. Bd2 Be7 7. Bg2 c6 8. Bc3 d5 9. Nbd2 Nbd7 10. O-O c5 11. Re1 O-O 12. e4 dxc4 13. Nxc4 cxd4 {E15: Queen's Indian: 4 g3 sidelines, 4 g3 Ba6 and 4 g3 Bb7 early deviations} 14. Bxd4 Rc8 15. Rc1 b5 {The position is equal.} 16. Nce5 Nxe5 17. Bxe5 Bb7 $146 ({Predecessor:} 17... Bb4 18. Re2 Bb7 19. Bb2 Qe7 20. Nd4 a6 21. Rxc8 Rxc8 {0-1 (44) Sgircea,S (2256)-Sonis,F (2494) Forni di Sopra 2019}) 18. Qe2 Qa5 19. Bxf6 gxf6 20. Nd4 b4 21. e5 Bxg2 22. Nxe6 $2 {[%mdl 8192] [#]} (22. Kxg2 $11 {and White has nothing to worry.} Qd5+ 23. Nf3) 22... Bh3 $1 $19 {[%cal Rh3e6]} (22... fxe6 23. exf6 Bh3 24. fxe7 $11) 23. Nxf8 Rxc1 ({Weaker is} 23... Rxf8 24. Qf3 $11) (23... Bxf8 24. Rxc8 Bxc8 25. exf6 $11) 24. Rxc1 {Black must now prevent Qh5!} Qd5 $40 {[%csl Gh3][%cal Rd5g2][%mdl 128] Black attacks with force.} ({Don't play} 24... Bxf8 25. Re1 $17) ({Avoid the trap} 24... Qxe5 $2 25. Qxe5 fxe5 {[#]} 26. Nd7 $1 $18 {[%mdl 512]}) 25. f3 Kxf8 26. Qe3 {aiming for exf6.} Kg7 27. Rc7 $2 (27. exf6+ $19 Bxf6 28. Qe2) 27... Qd1+ 0-1